书目信息 |
| 题名: |
文字规范通论
|
|
| 作者: | 张明富 , 张志明 著 | |
| 分册: | ||
| 出版信息: | 长春 吉林人民出版社 1997 |
|
| 页数: | 594页 | |
| 开本: | 20cm | |
| 丛书名: | 中国历代名门世家丛书 | |
| 单 册: | ||
| 中图分类: | K820.949 , H02 | |
| 科图分类: | ||
| 主题词: | 家族--福康安--历史 , 文字学 | |
| 电子资源: | ||
| ISBN: | 7-206-02673-7 | |
| 000 | 00828oam2 2200277 450 | |
| 001 | 1539547312 | |
| 005 | 20150124091409.50 | |
| 010 | @a7-206-02673-7@dCNY47.50 | |
| 100 | @a20020922d1997 em y0chiy0110 ea | |
| 101 | 0 | @achi |
| 102 | @aCN@b220000 | |
| 105 | @ay z 000yy | |
| 200 | 1 | @a文字规范通论@Awen zi gui fan tong lun@9kang qian hao men fu kang an shi jia@f张志明著@Fzhang zhi ming zhu |
| 210 | @a长春@c吉林人民出版社@d1997 | |
| 215 | @a594页@d20cm | |
| 225 | 2 | @a中国历代名门世家丛书@h第一辑 |
| 461 | 0 | @12001 @a中国历代名门世家丛书 |
| 600 | 0 | @a福康安@x家族@x历史 |
| 606 | 0 | @a家族@x福康安@x历史 |
| 606 | 0 | @a文字学 |
| 690 | @aK820.949@v5 | |
| 690 | @aH02@v4 | |
| 701 | 0 | @a张明富@9zhang ming fu@4著 |
| 701 | 0 | @a张志明@Azhang zhi ming@4著 |
| 801 | 0 | @aCN@bTSSF@c20150124 |
| 905 | @aZUCC@dH02@eJY129 | |
| 文字规范通论/张志明著.-长春:吉林人民出版社,1997 |
| 594页;20cm.-(中国历代名门世家丛书.第一辑) |
| ISBN 7-206-02673-7:CNY47.50 |
| ● |
| 相关链接 |
|
|
|
|
正题名:文字规范通论
索取号:H02/JY129
 
预约/预借
| 序号 | 登录号 | 条形码 | 馆藏地/架位号 | 状态 | 备注 |
| 1 | 7841862 | 278418623 | 学院路分馆/ [索取号:H02/JY129] | 在馆 | |
| 2 | 7841863 | 278418632 | 学院路分馆/ [索取号:H02/JY129] | 在馆 | |
| 3 | 7843470 | 278434703 | 学院路分馆/ [索取号:H02/JY129] | 在馆 | |
| 4 | 7843471 | 278434712 | 学院路分馆/ [索取号:H02/JY129] | 在馆 |